Journal of Innovations and Applied Statistics vedecký internetový časopis

Salvato in:
Dettagli Bibliografici
Natura: Periodico
Lingua:slovacco
Pubblicazione: Košice Katedra kvantitatívnych metód PHF EU 2023
Tags: Aggiungi Tag
Nessun Tag, puoi essere il primo ad aggiungerne!!

MARC

LEADER 00000nas2a2200000 4500
001 0296011
005 20230904083331.5
022 |a 1338-5224 
041 0 |a slo 
044 |a SK 
245 1 0 |a Journal of Innovations and Applied Statistics  |b vedecký internetový časopis 
264 1 |a Košice  |b Katedra kvantitatívnych metód PHF EU  |c 2023 
773 0 |w eu_un_cat*0143232